<?xml version="1.0" encoding="UTF-8"?>
<record
    xmlns:xsi="http://www.w3.org/2001/XMLSchema-instance"
    xsi:schemaLocation="http://www.loc.gov/MARC21/slim http://www.loc.gov/standards/marcxml/schema/MARC21slim.xsd"
    xmlns="http://www.loc.gov/MARC21/slim">

  <leader>00980cam a2200277 a 4500</leader>
  <controlfield tag="001">31827</controlfield>
  <controlfield tag="003">BD-RjUL</controlfield>
  <controlfield tag="005">20211209051744.0</controlfield>
  <controlfield tag="008">140422s1906    e             000 0 eng d</controlfield>
  <datafield tag="035" ind1=" " ind2=" ">
    <subfield code="a">(BD-RjUL)31915</subfield>
  </datafield>
  <datafield tag="040" ind1=" " ind2=" ">
    <subfield code="a">DLC</subfield>
    <subfield code="c">DLC</subfield>
    <subfield code="b">eng</subfield>
    <subfield code="d">BD-RjUL</subfield>
  </datafield>
  <datafield tag="041" ind1="1" ind2=" ">
    <subfield code="a">eng</subfield>
    <subfield code="h">san</subfield>
  </datafield>
  <datafield tag="082" ind1=" " ind2=" ">
    <subfield code="a">294.592</subfield>
    <subfield code="b">SON  1906</subfield>
  </datafield>
  <datafield tag="245" ind1="1" ind2="4">
    <subfield code="a">The song celestial, or, Bhagavad-g&#xEE;t&#xE2; :</subfield>
    <subfield code="b">from the Mah&#xE2;bh&#xE2;rata : being a discourse between Arjuna, prince of India, and the Supreme Being under the form of Krishna /</subfield>
    <subfield code="c">translated from the Sanskrit text by Sir Edwin Arnold.</subfield>
  </datafield>
  <datafield tag="246" ind1="3" ind2="0">
    <subfield code="a">Song celestial</subfield>
  </datafield>
  <datafield tag="246" ind1="3" ind2="0">
    <subfield code="a">Bhagavad-g&#xEE;t&#xE2;</subfield>
  </datafield>
  <datafield tag="250" ind1=" " ind2=" ">
    <subfield code="a">10 th </subfield>
  </datafield>
  <datafield tag="260" ind1=" " ind2=" ">
    <subfield code="a">London  :</subfield>
    <subfield code="b">Kegan Paul,</subfield>
    <subfield code="c">1906.</subfield>
  </datafield>
  <datafield tag="300" ind1=" " ind2=" ">
    <subfield code="a">xiv, 173 p. ;</subfield>
    <subfield code="c">15 cm.</subfield>
  </datafield>
  <datafield tag="650" ind1=" " ind2=" ">
    <subfield code="a">Bhagavadg&#x12B;t&#x101;</subfield>
    <subfield code="9">96886</subfield>
  </datafield>
  <datafield tag="700" ind1="1" ind2=" ">
    <subfield code="a">Arnold, Edwin,</subfield>
    <subfield code="c">Sir,</subfield>
    <subfield code="d">1832-1904,</subfield>
    <subfield code="e">tr.</subfield>
    <subfield code="9">95207</subfield>
  </datafield>
  <datafield tag="710" ind1="2" ind2=" ">
    <subfield code="a">Rouben Mamoulian Collection (Library of Congress)</subfield>
    <subfield code="5">DLC</subfield>
    <subfield code="9">50483</subfield>
  </datafield>
  <datafield tag="942" ind1=" " ind2=" ">
    <subfield code="2">ddc</subfield>
    <subfield code="c">BK</subfield>
  </datafield>
  <datafield tag="999" ind1=" " ind2=" ">
    <subfield code="c">31827</subfield>
    <subfield code="d">31827</subfield>
  </datafield>
  <datafield tag="952" ind1=" " ind2=" ">
    <subfield code="0">0</subfield>
    <subfield code="1">0</subfield>
    <subfield code="2">ddc</subfield>
    <subfield code="4">0</subfield>
    <subfield code="7">1</subfield>
    <subfield code="8">NFIC</subfield>
    <subfield code="a">RUCL</subfield>
    <subfield code="b">RUCL</subfield>
    <subfield code="c">Reading</subfield>
    <subfield code="d">1965-08-17</subfield>
    <subfield code="e">Not Fount.</subfield>
    <subfield code="g">0.00</subfield>
    <subfield code="l">0</subfield>
    <subfield code="o">294.592 SON  1906</subfield>
    <subfield code="r">2014-04-22 00:00:00</subfield>
    <subfield code="t">C-1</subfield>
    <subfield code="w">2014-04-22</subfield>
    <subfield code="y">BK</subfield>
  </datafield>
</record>
